Fortran 90 Handbook (Record no. 587808)

000 -LEADER
fixed length control field 00557nam a22001817a 4500
003 - CONTROL NUMBER IDENTIFIER
control field NUST
005 - DATE AND TIME OF LATEST TRANSACTION
control field 20220207165602.0
008 - FIXED-LENGTH DATA ELEMENTS--GENERAL INFORMATION
fixed length control field 220207b ||||| |||| 00| 0 eng d
020 ## - INTERNATIONAL STANDARD BOOK NUMBER
International Standard Book Number 0-07-000-406-4
038 ## - RECORD CONTENT LICENSOR
Staff Name SNS Library Staff
082 ## - DEWEY DECIMAL CLASSIFICATION NUMBER
Classification number 005.133
Author Mark ADA
100 ## - MAIN ENTRY--PERSONAL NAME
Personal name Jeanne C. Adams Walter D. Brainerd
9 (RLIN) 88865
245 ## - TITLE STATEMENT
Title Fortran 90 Handbook
Remainder of title Complete ANSI/ISO Reference
Statement of responsibility, etc. Jeanne C. Adams Walter D. Brainerd
260 ## - PUBLICATION, DISTRIBUTION, ETC.
Place of publication, distribution, etc. New York
Name of publisher, distributor, etc. McGraw-Hill Book Company
Date of publication, distribution, etc. 1992
300 ## - PHYSICAL DESCRIPTION
Extent 740 p.
Other physical details HB
563 ## - BINDING INFORMATION
Binding note HB
942 ## - ADDED ENTRY ELEMENTS (KOHA)
Source of classification or shelving scheme
Koha item type Book
Call number prefix 005.133 ADA 1992
Holdings
Withdrawn status Lost status Source of classification or shelving scheme Damaged status Not for loan Permanent Location Current Location Shelving location Date acquired Total Checkouts Full call number Barcode Date last seen Price effective from Koha item type
          School of Natural Sciences (SNS) School of Natural Sciences (SNS) General Stacks 02/07/2022   005.133 ADA 1992 SNS0003202 02/07/2022 02/07/2022 Book
© 2023 Central Library, National University of Sciences and Technology. All Rights Reserved.